Álbum arquitectura en México (Record no. 7743)

MARC details
000 -CABECERA
campo de control de longitud fija 01022nam a2200265 a 4500
001 - NÚMERO DE CONTROL
campo de control BRCA_8075
005 - FECHA Y HORA DE LA ÚLTIMA TRANSACCIÓN
campo de control 20190320210124.0
008 - DATOS DE LONGITUD FIJA--INFORMACIÓN GENERAL
campo de control de longitud fija 030414s1924----mx-a###f##---#001-0#spa-#
041 ## - CÓDIGO DE LENGUA
Código de lengua del texto/banda sonora o título independiente spa
044 ## - CÓDIGO DEL PAÍS DE LA ENTIDAD EDITORA/PRODUCTORA
Código MARC del país mx
050 #4 - SIGNATURA TOPOGRÁFICA DE LA BIBLIOTECA DEL CONGRESO
Número de clasificación NA5257
Número de documento/Ítem .C82 1924
100 1# - ENTRADA PRINCIPAL--NOMBRE DE PERSONA
Nombre de persona Cortés, Antonio
9 (RLIN) 20070
245 10 - MENCIÓN DE TÍTULO
Título Álbum arquitectura en México
Resto del título Iglesia de Santo Domingo de la Ciudad de Oaxaca y Capilla del Santo Cristo en Tlacolula, E. de Oaxaca
Mención de responsabilidad, etc. Antonio Cortés ; notas históricas de Genaro García.
260 ## - PUBLICACIÓN, DISTRIBUCIÓN, ETC.
Lugar de publicación, distribución, etc. México
Nombre del editor, distribuidor, etc. Museo Nacional de Arqueología, Historia y Etnología
Fecha de publicación, distribución, etc. 1924
300 ## - DESCRIPCIÓN FÍSICA
Extensión 16 p.
Otras características físicas il., 41 láminas
Dimensiones 37 cm.
500 ## - NOTA GENERAL
Nota general Dedicatoria del autor al señor Franz Mayer
500 ## - NOTA GENERAL
Nota general Estado físico: libro dañado de la cubierta y el lomo
500 ## - NOTA GENERAL
Nota general Y104
650 14 - PUNTO DE ACCESO ADICIONAL DE MATERIA--TÉRMINO DE MATERIA
Término de materia o nombre geográfico como elemento de entrada Arquitectura religiosa
Subdivisión de forma Catálogos
Subdivisión geográfica Oaxaca, México
9 (RLIN) 20071
650 14 - PUNTO DE ACCESO ADICIONAL DE MATERIA--TÉRMINO DE MATERIA
Término de materia o nombre geográfico como elemento de entrada Arte religioso
Subdivisión geográfica Oaxaca, México
9 (RLIN) 20072
650 14 - PUNTO DE ACCESO ADICIONAL DE MATERIA--TÉRMINO DE MATERIA
Término de materia o nombre geográfico como elemento de entrada Iglesias
Subdivisión geográfica Oaxaca, México
9 (RLIN) 20073
700 1# - PUNTO DE ACCESO ADICIONAL--NOMBRE DE PERSONA
Nombre de persona García, Genaro
9 (RLIN) 10197
902 ## - CATALOGADOR
Iniciales GFM
942 ## - ELEMENTOS DE PUNTO DE ACCESO ADICIONAL (KOHA)
Fuente del sistema de clasificación o colocación Library of Congress Classification
Tipo de ítem Koha Libros
Holdings
Estado de retiro Estado de pérdida Estado dañado No para préstamo Localización permanente Ubicación/localización actual Fecha de adquisición Número de inventario Total de préstamos Signatura topográfica completa Código de barras Fecha visto por última vez Precio válido a partir de Tipo de ítem Koha
El ejemplar forma parte de la colección y puede ser consultado según las políticas vigentes.       Biblioteca del Museo Franz Mayer (Rogerio Casas-Alatriste) Biblioteca del Museo Franz Mayer (Rogerio Casas-Alatriste) 03/04/2014 Y104   NA5257 .C82 1924 (Y104) 8699 22/03/2019 22/03/2019 Libros